00380nam a2200121Ia 45000010005000000080041000050820022000461000070000682450051001382600028001899010026002179990015002433172241024s9999 xx 000 0 und d aRD/372/R426p/2007 aRepública Dominicana. Secretaría de Estado de Educación SEE 0aPrograma Nacional de atención a la sobreedad b[*SIN EDITORIAL*]c2007 a3/9/2013 2:48:17 p.m. c8578d8578